=LDR 00000nam 2200000 4500 =001 INLIS000000000033652 =005 20130612135608 =008 ***********************************ind** =035 ##$$0010-061300000033652 =041 ##$$a ind =082 ##$$a 610.7 =090 ##$$a 610.7, Set,k =100 ##$$a Setiadi =245 ##$$a Konsep =260 ##$$a 2007 $b Yogyakarta =300 ##$$a xiv,310 hlm., 23 cm =650 ##$$a Keperawatan - Riset =850 ##$$a NBPNMAT